000 00572nam a2200193Ia 4500
008 151121s9999||||xx |||||||||||||| ||und||
082 _a595/खरे
082 _bHNW-117779
100 _aखरे नंदा
245 _aवारुळ पुराण
260 _b"मनोविकास प्रकाशन, पुणे"
260 _c2015
300 _a234
600 _aखरे नंदा
630 _aवारुळ पुराण
700 _aखरे नंदा
730 _aवारुळ पुराण
942 _cBOOK
999 _c1265357
_d1265354